| 000 | 03148cam a2200337 i 4500 | ||
|---|---|---|---|
| 001 | 21000650 | ||
| 005 | 20230112092957.0 | ||
| 008 | 190604s2020 enka b 001 0 eng | ||
| 010 | _a 2019023370 | ||
| 020 |
_a9781138628984 _q(paperback) |
||
| 040 |
_aDLC _beng _cDLC _erda _dDLC |
||
| 042 | _apcc | ||
| 050 | 0 | 0 |
_aNA2542.35 _b.H37 2020 |
| 082 | 0 | 0 |
_a720.47 H37 2020 _223 |
| 100 | 1 |
_aHawkes, Dean, _eauthor. |
|
| 245 | 1 | 4 |
_aThe environmental imagination : _btechnics and poetics of the architectural environment / _cDean Hawkes. |
| 250 | _aSecond edition. | ||
| 264 | 1 |
_aLondon ; _aNew York : _bRoutledge, _c2020. |
|
| 300 |
_axxxiii, 282 pages : _billustrations ; _c25 cm |
||
| 336 |
_atext _btxt _2rdacontent |
||
| 337 |
_aunmediated _bn _2rdamedia |
||
| 338 |
_avolume _bnc _2rdacarrier |
||
| 504 | _aIncludes bibliographical references and index. | ||
| 520 |
_a"The Environmental Imagination explores the relationship between tectonics and poetics in environmental design in architecture. Working thematically and chronologically from the eighteenth century to the present day, this book redefines the historiography of environmental design by looking beyond conventional histories to argue that the environments within buildings are a collaboration between poetic intentions and technical means. In a sequence of essays, the book traces a line through works by leading architects of the nineteenth and twentieth centuries that illustrate the impact of new technologies on the conception and realisation of environments in buildings. In this, a consideration of the qualitative dimension of environment is added to the primarily technological narratives of other accounts. In this second edition, the book has been substantially rewritten and restructured to include further research conducted in the decade since the first edition. A number of important buildings have been revisited, in order to extend the descriptions of their environments, and studies have been made of a number of newly studied, significant buildings. A completely new essay offers an environmental interpretation of Luis BarrĂ¡gan's magical own house in Mexico City and the earlier studies of buildings by Peter Zumthor have been gathered into a single, extended essay that includes a body of new research. On the fiftieth anniversary of the publication of Reyner Banham's, The Architecture of the Well-tempered Environment, the book concludes with a critical tribute to that seminal text. The Environmental Imagination will appeal to academics and practitioners with interests in the history, theory and technology of architecture"-- _cProvided by publisher. |
||
| 650 | 0 |
_aArchitecture _xEnvironmental aspects _xHistory. |
|
| 650 | 0 |
_aBuildings _xEnvironmental engineering _xHistory. |
|
| 776 | 0 | 8 |
_iOnline version: _aHawkes, Dean, _tThe environmental imagination _b2. _dNew York : Routledge, 2019. _z9781315210575 _w(DLC) 2019023371 |
| 906 |
_a7 _bcbc _corignew _d1 _eecip _f20 _gy-gencatlg |
||
| 942 |
_2ddc _cBK-EN _n0 |
||
| 999 |
_c5823 _d5823 |
||